Belgium OECD Reviews of National Policies for Education

Salvato in:
Dettagli Bibliografici
Natura: Libro
Lingua:inglese
francese
Pubblicazione: Paris OECD 1993
Edizione:1. ed.
Soggetti:
Tags: Aggiungi Tag
Nessun Tag, puoi essere il primo ad aggiungerne!!

MARC

LEADER 00000nam a2200000 4500
001 c004295
005 20240422071023.7
020 |a 92-64-13989-3 
041 0 |a eng 
041 0 |a fre 
044 |a FR 
245 1 0 |a Belgium  |b OECD Reviews of National Policies for Education 
250 |a 1. ed. 
264 1 |a Paris  |b OECD  |c 1993 
300 |a 133 s. 
610 2 0 |a Belgicko 
610 2 0 |a sústava výchovno-vzdelávacia 
610 2 0 |a vzdelávanie 
610 2 0 |a politika školská 
610 2 0 |a školstvo 
610 2 0 |a učitelia 
610 2 0 |a vzdelávanie mimoškolské